| 000 | 00567nam a2200205Ia 4500 | ||
|---|---|---|---|
| 005 | 20250508162944.0 | ||
| 008 | 008 250505s9999 xx 000 0 hin d | ||
| 020 | _a81-214-0551-3 | ||
| 037 | _aTextual | ||
| 040 |
_aFEDL _beng _cFEDL |
||
| 041 |
_ahin _2eng |
||
| 084 |
_a100, DEV _qFEDL |
||
| 100 | _aDevraj | ||
| 245 | 0 | _aDarshan: Swaroop, samasyayen evam jeevan-drishti | |
| 260 |
_aNew Delhi, India _bNational Publishing House _c1994 |
||
| 300 | _axii,176p. | ||
| 650 | _aPhilosophy | ||
| 942 |
_cTEXL _h100, DEV |
||
| 999 |
_c1379621 _d1379621 |
||